| 000 | 00598npc a2200205Ia 4500 | ||
|---|---|---|---|
| 001 | ist/20-2819 [d000002958] | ||
| 003 | IT-MiCISF | ||
| 008 | 161014s9999||||xx | und|| | ||
| 040 |
_aIT-MiCISF _cIT-MiCISF |
||
| 041 | _ait | ||
| 100 | _aAA.VV. | ||
| 245 | 0 | _aMatrimoni, separazioni e divorzi. Anno 1994 | |
| 250 | _a1a ed. | ||
| 260 |
_a Roma _bIstat _c1996 |
||
| 300 | _app. 111 | ||
| 500 | _aIstituto Nazionale di Statistica / statistica, nuzialità, separazione, divorzio, comparazione, custodia-figli / | ||
| 650 | _amatrimonio | ||
| 942 | _cDD | ||
| 957 | _71 | ||
| 999 |
_a2819 _bsi _g1 _c206325 _d206325 |
||